| 000 | 00709cam a22002292 4500 | ||
|---|---|---|---|
| 001 | 0000004832 | ||
| 005 | 20151217155210.0 | ||
| 008 | 070530s xx 000 0 eng d | ||
| 020 |
_a0397510918 : _cKES 500 |
||
| 040 |
_aKABU _cKABU |
||
| 050 | 0 |
_aQP514.2 _b.C43 1994 |
|
| 100 | 1 |
_aChampe, Pamela C. _@0000155676 |
|
| 245 | 1 | 0 |
_aBiochemistry / _cPamela C. Champe, Richard A. Harvey. |
| 250 | _a2nd ed. | ||
| 260 |
_aPhiladelphia, Pen : _bLippicott Company, _c1994. |
||
| 300 | _axvi, 443 p. | ||
| 650 | 0 |
_aBiochemistry _xOutlines, Syllabi etc. _@0000155677 |
|
| 700 | 1 |
_aHarvey, Richard A. _@0000155678 |
|
| 908 | _a070530 | ||
| 950 | _@1 | ||
| 999 |
_c11944 _d11944 |
||